Statistics for Biggest Cities that start with W

Click here to take the quiz!

General Stats

  • This quiz has been taken 33 times
  • The average score is 5 of 10

Answer Stats

CountryPopulationCity% Correct
Poland1,702,139Warsaw
100%
China9,785,388Wuhan
97%
United States601,723Washington D.C.
86%
Poland634,893Wroclaw
66%
China865,672Wenzhou
31%
Canada632,063Winnipeg
28%
China3,543,719Wuxi
28%
China507,524Wuhu
14%
India557,802Warangal
10%
Nigeria536,023Warri
10%

Score Distribution

Percentile by Number Answered

Percent of People with Each Score

Your Score History

You have not taken this quiz